Normal view
MARC view
- Muslim saints
Entry Topical Term
001 - CONTROL NUMBER
- control field: 3846
003 - CONTROL NUMBER IDENTIFIER
- control field: NUST
005 - DATE AND TIME OF LATEST TRANSACTION
- control field: 20170808105816.0
008 - FIXED-LENGTH DATA ELEMENTS
- fixed length control field: 170808|| aca||aabn | a|a d
040 ## - CATALOGING SOURCE
- Original cataloging agency: NUST
- Transcribing agency: NUST
150 ## - HEADING--TOPICAL TERM
- Topical term or geographic name entry element: Muslim saints
- Geographic subdivision: Pakistan
- Geographic subdivision: Lahore
- Form subdivision: Biography.
670 ## - SOURCE DATA FOUND
- Source citation: Work cat.: (NUST)0: Malik, Muḥammad Lat̤īf. 3845, Auliyā-yi Lāhaur :, 1994.
